000 00661nam a2200217Ii 4500
003 JO-AjNU
008 230605s9999||||xx |||||||||||||| ||und||
017 _a1984/1373
040 _aJO-AjNU
_bara
_erda
_cJO-AjNU
041 _aara
050 1 4 _aPJ7846 1984
100 3 _aتأليف الهرمزي،سعاد,
_eauthor
_98428
245 0 0 _aخواطر الأيام
250 _aط1
264 3 1 _aبغداد:مكتبة النهضة،1984
300 _a128ص
336 _atext
_btxt
_2rdacontent
337 _aunmediated
_bn
_2rdamedia
338 _avolume
_bnc
_2rdacarrier
650 4 _aالأدب العربي - قصص - خواطر - كاريكاتير
_98429
999 _aA783
_c4351
_d4351